A Literary Calendar Quiz Stats

Quiz not verified by Sporcle

Challenge
Share
Tweet
Embed
Score 0/23 Timer 05:00
0 Plays Today
% Correct
October
84.3%
May
81.3%
March
77.2%
March
76.9%
May
65.6%
July
56.7%
November
53.3%
July
51.1%
August
42.2%
June
42.2%
August
40.7%
November
35.7%
% Correct
January
32.4%
June
31.1%
December
29.8%
December
28.9%
October
27%
September
22.2%
April
21.3%
September
19.9%
January
17.9%
April
16.7%
February
15.9%

You're not logged in!

Compare scores with friends on all Sporcle quizzes.
Sign Up with Email
OR
Log In

You Might Also Like...

Show Comments

Extras

Top Quizzes Today


Score Distribution

Your Account Isn't Verified!

In order to create a playlist on Sporcle, you need to verify the email address you used during registration. Go to your Sporcle Settings to finish the process.